000 00427nam a2200157Ia 4500
008 230917s9999||||xx |||||||||||||| ||und||
020 _cRS16
040 _e14080
_aMAIN
041 _aEnglish
082 _a342.54409 L45P
100 _aLaxman Singh
245 0 _aPolitical and constitutional development in the princely states of Rajasthan 1920-49
260 _aNew Delhi
_bJain
_c1970
300 _ax, 169 p.
942 _cBK
999 _c102780
_d102780